[Event "Rogachev"]
[Site "Rogachev"]
[Date "2022.09.30"]
[Round "7"]
[White "Naumovich, Yaroslav"]
[Black "Grib, Roman"]
[Result "1/2-1/2"]
[WhiteElo "2158"]
[BlackElo "2420"]
[PlyCount "37"]
[EventDate "2022.09.27"]
[EventType "tourn"]
[EventRounds "9"]
[EventCountry "BLR"]
[EventCategory "1"]
[SourceTitle "CBM 210 Extra"]
[Source "ChessBase"]
[SourceDate "2022.11.30"]
[SourceVersion "1"]
[SourceVersionDate "2022.11.30"]
[SourceQuality "1"]

1. e4 e5 2. Nf3 Nc6 3. Bb5 a6 4. Bxc6 dxc6 5. 0-0 f6 6. d4 Bg4 7. dxe5 Qxd1 8. Rxd1 Bxf3 9. gxf3 fxe5 10. f4 Bd6 11. Nd2 exf4 12. Nc4 0-0-0 13. Nxd6+ cxd6 14. Bxf4 Nf6 15. e5 dxe5 16. Bxe5 Rhf8 17. Bxf6 Rxf6 18. Rxd8+ Kxd8 19. Rd1+ 1/2-1/2

[Event "Suwalki Warakomska Memorial op 3rd"]
[Site "Suwalki"]
[Date "2019.08.11"]
[Round "8"]
[White "Grib, Roman"]
[Black "Janik, Igor"]
[Result "1/2-1/2"]
[WhiteElo "2413"]
[BlackElo "2483"]
[PlyCount "86"]
[EventDate "2019.08.05"]
[EventType "swiss"]
[EventRounds "9"]
[EventCountry "POL"]
[SourceTitle "CBM 191 Extra"]
[Source "ChessBase"]
[SourceDate "2019.09.30"]
[SourceVersion "1"]
[SourceVersionDate "2019.09.30"]
[SourceQuality "1"]

1. e4 c5 2. Nf3 e6 3. g3 Nf6 4. e5 Nd5 5. Bg2 Nc6 6. 0-0 Be7 7. Re1 0-0 8. Nc3 Nxc3 9. dxc3 d5 10. exd6 Bxd6 11. Ng5 Be7 12. Qh5 h6 13. Nf3 Qe8 14. Ne5 Nxe5 15. Qxe5 f6 16. Qe2 a5 17. Be4 Ra6 18. Bd3 Rb6 19. Bf4 g5 20. Bc7 Rxb2 21. Rab1 Rxb1 22. Rxb1 a4 23. Bc4 Qd7 24. Ba5 Bd6 25. Bb5 Qe7 26. Bxa4 Bc7 27. Bxc7 Qxc7 28. Bb3 Kg7 29. Rd1 Qc6 30. Bc4 Bd7 31. Rd2 Rf7 32. Qd1 b5 33. Rd6 Qe4 34. Rxd7 Qxc4 35. Rxf7+ Kxf7 36. Qd7+ Kg6 37. Qc6 Qxa2 38. Qxc5 Qxc2 39. Qxb5 Qc1+ 40. Kg2 Qxc3 41. Qe8+ Kf5 42. Qh5 Qc6+ 43. Kg1 Qc1+ 1/2-1/2

[Event "Suwalki Warakomska Memorial op 3rd"]
[Site "Suwalki"]
[Date "2019.08.07"]
[Round "4"]
[White "Grib, Roman"]
[Black "Sadzikowski, Daniel"]
[Result "0-1"]
[WhiteElo "2413"]
[BlackElo "2502"]
[PlyCount "94"]
[EventDate "2019.08.05"]
[EventType "swiss"]
[EventRounds "9"]
[EventCountry "POL"]
[SourceTitle "CBM 191 Extra"]
[Source "ChessBase"]
[SourceDate "2019.09.30"]
[SourceVersion "1"]
[SourceVersionDate "2019.09.30"]
[SourceQuality "1"]

1. e4 c6 2. d4 d5 3. Nc3 dxe4 4. Nxe4 Bf5 5. Ng3 Bg6 6. h4 h6 7. Nf3 Nd7 8. h5 Bh7 9. Bd3 Bxd3 10. Qxd3 e6 11. Bf4 Qa5+ 12. Bd2 Bb4 13. c3 Be7 14. c4 Qb6 15. Bc3 Ngf6 16. 0-0-0 0-0 17. Kb1 Rad8 18. Qe2 Bb4 19. Bxb4 Qxb4 20. a3 Qa5 21. Ne5 c5 22. Rh4 Nxe5 23. Qxe5 Qa4 24. Rc1 cxd4 25. Rxd4 Rd7 26. Ka2 Rfd8 27. Rxd7 Qxd7 28. Ne4 Ng4 29. Qg3 f5 30. f3 Qd4 31. fxg4 Qxe4 32. g5 f4 33. Qg4 hxg5 34. Qxg5 Rd2 35. Qb5 Rxg2 36. h6 gxh6 37. Rd1 Kh7 38. Qb4 f3 39. Re1 Qf5 40. Qxb7+ Rg7 41. Qc6 f2 42. Rf1 e5 43. Qd5 Rf7 44. c5 e4 45. Qc4 e3 46. c6 Rc7 47. b3 Qg6 0-1

[Event "Suwalki Warakomska Memorial op 3rd"]
[Site "Suwalki"]
[Date "2019.08.06"]
[Round "2"]
[White "Grib, Roman"]
[Black "Szpar, Milosz"]
[Result "1-0"]
[WhiteElo "2413"]
[BlackElo "2290"]
[PlyCount "107"]
[EventDate "2019.08.05"]
[EventType "swiss"]
[EventRounds "9"]
[EventCountry "POL"]
[SourceTitle "CBM 191 Extra"]
[Source "ChessBase"]
[SourceDate "2019.09.30"]
[SourceVersion "1"]
[SourceVersionDate "2019.09.30"]
[SourceQuality "1"]

1. e4 c5 2. Nf3 Nc6 3. Bb5 g6 4. Bxc6 dxc6 5. d3 Bg7 6. h3 Nf6 7. Nc3 Nd7 8. Be3 e5 9. Qd2 h6 10. 0-0 b6 11. Nh2 Nf8 12. f4 exf4 13. Bxf4 Ne6 14. Bg3 Nd4 15. Rae1 0-0 16. e5 Bf5 17. Ne4 Bxe4 18. Rxe4 Nf5 19. Bf4 Kh7 20. Ng4 Re8 21. a4 Re6 22. a5 Qe7 23. Ra1 b5 24. Rae1 a6 25. Qc3 Rd8 26. Be3 Nxe3 27. R1xe3 Rd5 28. Nf6+ Kh8 29. b4 Bxf6 30. exf6 Qxf6 31. Qxf6+ Rxf6 32. Re8+ Kg7 33. Ra8 cxb4 34. Rxa6 Rc5 35. Re2 Re6 36. Rf2 Re7 37. Rb6 Rc3 38. a6 b3 39. cxb3 Rxd3 40. Ra2 Ra7 41. Rb7 Ra8 42. a7 Rdd8 43. Rf2 Rf8 44. b4 g5 45. Rd2 Rac8 46. Rd6 h5 47. Kf2 Rfe8 48. Kf3 Kg8 49. Rdd7 Kg7 50. Rxf7+ Kg6 51. Rfc7 Rxc7 52. Rxc7 Kf5 53. g4+ hxg4+ 54. hxg4+ 1-0

[Event "Warsaw Najdorf Memorial op-A 17th"]
[Site "Warsaw"]
[Date "2019.07.12"]
[Round "7"]
[White "Piotrowski, Przemyslaw"]
[Black "Grib, Roman"]
[Result "1/2-1/2"]
[WhiteElo "2273"]
[BlackElo "2421"]
[PlyCount "65"]
[EventDate "2019.07.06"]
[EventType "swiss"]
[EventRounds "9"]
[EventCountry "POL"]
[SourceTitle "CBM 191 Extra"]
[Source "ChessBase"]
[SourceDate "2019.09.30"]
[SourceVersion "1"]
[SourceVersionDate "2019.09.30"]
[SourceQuality "1"]

1. Nf3 Nf6 2. c4 c6 3. d4 g6 4. g3 Bg7 5. Bg2 d5 6. cxd5 cxd5 7. 0-0 0-0 8. Nc3 Ne4 9. Nd2 Nxc3 10. bxc3 Nc6 11. e4 Be6 12. Qf3 dxe4 13. Nxe4 Bd5 14. Nf6+ Bxf6 15. Qxd5 Qxd5 16. Bxd5 Rac8 17. Rb1 Na5 18. Bxb7 Rxc3 19. Bd2 Ra3 20. Bd5 Ra4 21. Rb5 Nc4 22. Bb4 Nd6 23. Bxd6 exd6 24. Rd1 Rxd4 25. Rxd4 Bxd4 26. Rb7 Kg7 27. Kg2 g5 28. f4 gxf4 29. gxf4 Kg6 30. Rd7 Bc5 31. Kf3 f5 32. h3 a5 33. a4 1/2-1/2

[Event "Warsaw Najdorf Memorial op-A 17th"]
[Site "Warsaw"]
[Date "2019.07.10"]
[Round "5"]
[White "Bus, Konrad"]
[Black "Grib, Roman"]
[Result "1/2-1/2"]
[WhiteElo "2264"]
[BlackElo "2421"]
[PlyCount "86"]
[EventDate "2019.07.06"]
[EventType "swiss"]
[EventRounds "9"]
[EventCountry "POL"]
[SourceTitle "CBM 191 Extra"]
[Source "ChessBase"]
[SourceDate "2019.09.30"]
[SourceVersion "1"]
[SourceVersionDate "2019.09.30"]
[SourceQuality "1"]

1. d4 Nf6 2. c4 c6 3. Bf4 g6 4. Nc3 Bg7 5. Nf3 d6 6. Qd2 h6 7. h3 a6 8. e3 b5 9. a3 Bb7 10. Be2 bxc4 11. Bxc4 Nbd7 12. 0-0 0-0 13. e4 d5 14. exd5 cxd5 15. Ba2 g5 16. Be5 Ne4 17. Nxe4 dxe4 18. Bxg7 Kxg7 19. Nxg5 Qb6 20. Nxf7 Rxf7 21. Bxf7 Kxf7 22. Rae1 Nf6 23. Re3 Rd8 24. Rg3 Nh5 25. Rg4 Rxd4 26. Qe3 Rd6 27. Rh4 Qxe3 28. fxe3+ Nf6 29. Rxh6 Kg7 30. Rh4 Rd3 31. Rc1 Rxe3 32. Rc7 Bd5 33. Rxe7+ Kg6 34. Rf4 Rb3 35. Re5 e3 36. Rb4 Rd3 37. Rb6 Rd1+ 38. Kh2 Rd2 39. Kg3 Rxg2+ 40. Kh4 e2 41. Rxa6 Rf2 42. Kg3 Rf3+ 43. Kh2 Rf2+ 1/2-1/2

[Event "Warsaw Najdorf Memorial op-A 17th"]
[Site "Warsaw"]
[Date "2019.07.07"]
[Round "2"]
[White "Grib, Roman"]
[Black "Maj, Pawel1111"]
[Result "1-0"]
[WhiteElo "2421"]
[BlackElo "2127"]
[PlyCount "109"]
[EventDate "2019.07.06"]
[EventType "swiss"]
[EventRounds "9"]
[EventCountry "POL"]
[SourceTitle "CBM 191 Extra"]
[Source "ChessBase"]
[SourceDate "2019.09.30"]
[SourceVersion "1"]
[SourceVersionDate "2019.09.30"]
[SourceQuality "1"]

1. e4 e5 2. Nf3 Nc6 3. Bb5 a6 4. Ba4 Nf6 5. 0-0 Nxe4 6. d4 b5 7. Bb3 d5 8. dxe5 Be6 9. Nbd2 Nc5 10. c3 Be7 11. Qe2 Nxb3 12. Nxb3 0-0 13. Nfd4 Nxd4 14. cxd4 Qd7 15. Bd2 f6 16. Rfe1 Rae8 17. exf6 Rxf6 18. Bg5 Rg6 19. Bxe7 Bh3 20. g3 Re6 21. Qh5 R8xe7 22. Re5 Rxe5 23. dxe5 d4 24. Nc5 Qd5 25. Qxh3 Qxc5 26. Qc8+ Kf7 27. Qf5+ Kg8 28. Re1 g6 29. Qe4 d3 30. Qxd3 Rxe5 31. Qd8+ Kg7 32. Rd1 Re7 33. a3 Rf7 34. Qd2 Qe5 35. b4 Re7 36. Rc1 Qf6 37. h4 Rf7 38. Qc3 c6 39. Qd2 Re7 40. Kg2 Qe5 41. Rc5 Qe4+ 42. Kh2 Rf7 43. h5 h6 44. hxg6 Kxg6 45. f4 Rf5 46. Qd6+ Rf6 47. Qd1 Rf5 48. Qg4+ Kf6 49. Rxf5+ Qxf5 50. Qxf5+ Kxf5 51. Kh3 Ke4 52. Kh4 Kd5 53. f5 c5 54. bxc5 Kxc5 55. f6 1-0

[Event "Krakow op-A 29th"]
[Site "Krakow"]
[Date "2018.12.29"]
[Round "3"]
[White "Flak, Pawel"]
[Black "Grib, Roman"]
[Result "0-1"]
[WhiteElo "2195"]
[BlackElo "2412"]
[PlyCount "27"]
[EventDate "2018.12.27"]
[EventType "swiss"]
[EventRounds "9"]
[EventCountry "POL"]
[SourceTitle "CBM 189 Extra"]
[Source "ChessBase"]
[SourceDate "2019.06.03"]
[SourceVersion "1"]
[SourceVersionDate "2019.06.03"]
[SourceQuality "1"]

1. d4 Nf6 2. c4 e6 3. Nf3 b6 4. g3 Bb7 5. Bg2 Be7 6. 0-0 0-0 7. Nc3 Ne4 8. Qc2 Nxc3 9. Qxc3 Be4 10. Nd2 Bxg2 11. Kxg2 d5 12. cxd5 Qxd5+ 13. e4 Qb7 14. f3 0-1

[Event "Krakow op-A 29th"]
[Site "Krakow"]
[Date "2018.12.29"]
[Round "4"]
[White "Grib, Roman"]
[Black "Kokoszczynski, Jan"]
[Result "1/2-1/2"]
[WhiteElo "2412"]
[BlackElo "2242"]
[PlyCount "52"]
[EventDate "2018.12.27"]
[EventType "swiss"]
[EventRounds "9"]
[EventCountry "POL"]
[SourceTitle "CBM 188 Extra"]
[Source "ChessBase"]
[SourceDate "2019.02.26"]
[SourceVersion "1"]
[SourceVersionDate "2019.02.26"]
[SourceQuality "1"]

1. e4 c5 2. Nf3 Nc6 3. Bb5 g6 4. Bxc6 dxc6 5. d3 Bg7 6. h3 Nf6 7. Nc3 Nd7 8. Be3 e5 9. Qd2 h6 10. 0-0 b6 11. Nh2 Nf8 12. f4 exf4 13. Rxf4 g5 14. Rf2 Be6 15. a4 a5 16. Nf3 Qc7 17. Rff1 Ng6 18. d4 cxd4 19. Nxd4 0-0 20. Nf5 Rad8 21. Qf2 c5 22. Nxg7 Kxg7 23. Nb5 Qe7 24. Bd2 f6 25. b3 Kh7 26. Rae1 Rf7 1/2-1/2

[Event "Krakow op-A 29th"]
[Site "Krakow"]
[Date "2018.12.28"]
[Round "2"]
[White "Grib, Roman"]
[Black "Jansen, Bob"]
[Result "1/2-1/2"]
[WhiteElo "2412"]
[BlackElo "2192"]
[PlyCount "44"]
[EventDate "2018.12.27"]
[EventType "swiss"]
[EventRounds "9"]
[EventCountry "POL"]
[SourceTitle "CBM 189 Extra"]
[Source "ChessBase"]
[SourceDate "2019.06.03"]
[SourceVersion "1"]
[SourceVersionDate "2019.06.03"]
[SourceQuality "1"]

1. e4 e6 2. d4 d5 3. Nc3 Bb4 4. e5 c5 5. a3 Ba5 6. b4 cxd4 7. Nb5 Bc7 8. f4 Bd7 9. Nf3 Bxb5 10. Bxb5+ Nc6 11. Bb2 Nge7 12. Bxd4 a6 13. Bxc6+ Nxc6 14. c3 Rc8 15. Qd3 Bb6 16. Kd2 Nxd4 17. cxd4 Rc4 18. Rhc1 Qc7 19. Rxc4 dxc4 20. Qe4 0-0 21. Kc3 a5 22. Ng5 g6 1/2-1/2

[Event "Suwalki Warakomska Memorial-A op"]
[Site "Suwalki"]
[Date "2018.08.02"]
[Round "2"]
[White "Fus, Jakub"]
[Black "Grib, Roman"]
[Result "1/2-1/2"]
[WhiteElo "2195"]
[BlackElo "2445"]
[PlyCount "58"]
[EventDate "2018.08.01"]
[EventType "swiss"]
[EventRounds "9"]
[EventCountry "POL"]
[SourceTitle "CBM 185 Extra"]
[Source "ChessBase"]
[SourceDate "2018.07.29"]
[SourceVersion "1"]
[SourceVersionDate "2018.07.29"]
[SourceQuality "1"]

1. e4 c5 2. Nf3 Nc6 3. Bb5 Nf6 4. Bxc6 dxc6 5. d3 g6 6. 0-0 Bg7 7. Nc3 Bg4 8. h3 Bxf3 9. Qxf3 Nd7 10. Qe2 e5 11. Be3 Qe7 12. Qd2 Nf8 13. Bh6 Bxh6 14. Qxh6 Ne6 15. Ne2 0-0-0 16. f4 c4 17. fxe5 cxd3 18. cxd3 Rxd3 19. Nf4 Rd7 20. Nxe6 Qxe6 21. Qg7 Re8 22. Qxh7 Qxe5 23. Rxf7 Qxb2 24. Rxd7 Qxa1+ 25. Kh2 Qe5+ 26. Kg1 Qg3 27. Rxb7 Qe3+ 28. Kh1 Qc1+ 29. Kh2 Qf4+ 1/2-1/2

[Event "Panevezys Elite op"]
[Site "Panevezys"]
[Date "2018.06.30"]
[Round "3"]
[White "Stremavicius, Titas"]
[Black "Grib, Roman"]
[Result "1-0"]
[WhiteElo "2444"]
[BlackElo "2445"]
[PlyCount "43"]
[EventDate "2018.06.29"]
[EventType "swiss"]
[EventRounds "9"]
[EventCountry "LTU"]
[SourceTitle "CBM 185 Extra"]
[Source "ChessBase"]
[SourceDate "2018.07.29"]
[SourceVersion "1"]
[SourceVersionDate "2018.07.29"]
[SourceQuality "1"]

1. c4 Nf6 2. Nc3 c5 3. Nf3 d5 4. cxd5 Nxd5 5. d4 Nxc3 6. bxc3 g6 7. Bf4 Bg7 8. e3 Nc6 9. Be2 0-0 10. 0-0 cxd4 11. cxd4 Bf5 12. Rc1 Rc8 13. a3 Be4 14. Qb3 h6 15. Rfd1 Bd5 16. Qb1 g5 17. e4 gxf4 18. exd5 Qxd5 19. Qxb7 Qe6 20. Bc4 Qd6 21. Bb5 Nxd4 22. Rxc8 1-0

[Event "Panevezys Elite op"]
[Site "Panevezys"]
[Date "2018.06.29"]
[Round "1"]
[White "Krivonosov, Oleg"]
[Black "Grib, Roman"]
[Result "1/2-1/2"]
[WhiteElo "2399"]
[BlackElo "2445"]
[PlyCount "72"]
[EventDate "2018.06.29"]
[EventType "swiss"]
[EventRounds "9"]
[EventCountry "LTU"]
[SourceTitle "CBM 185 Extra"]
[Source "ChessBase"]
[SourceDate "2018.07.29"]
[SourceVersion "1"]
[SourceVersionDate "2018.07.29"]
[SourceQuality "1"]

1. Nf3 Nf6 2. c4 g6 3. Nc3 d5 4. cxd5 Nxd5 5. e4 Nxc3 6. dxc3 Qxd1+ 7. Kxd1 Nd7 8. Bc4 Bg7 9. Kc2 Nc5 10. Re1 f5 11. Ng5 h6 12. Be3 hxg5 13. Bxc5 Rxh2 14. exf5 Bxf5+ 15. Kb3 Bf6 16. g3 b6 17. Be3 c6 18. a4 0-0-0 19. Rh1 Rxh1 20. Ba6+ Kc7 21. Rxh1 Be4 22. Re1 Bf3 23. Kc2 Be4+ 24. Kb3 Bf5 25. Rh1 Bg4 26. Kc2 Rd5 27. Bc4 Ra5 28. Bb3 Bf5+ 29. Kd2 b5 30. Ra1 g4 31. Ra3 bxa4 32. Rxa4 Rb5 33. Rxa7+ Kb8 34. Ra3 Be5 35. Kc1 Bd6 36. Bc4 Bxa3 1/2-1/2

[Event "Bialystok Zamenhof Memorial 36th"]
[Site "Bialystok"]
[Date "2017.12.30"]
[Round "7"]
[White "Bobras, Piotr"]
[Black "Grib, Roman"]
[Result "1/2-1/2"]
[WhiteElo "2513"]
[BlackElo "2446"]
[PlyCount "118"]
[EventDate "2017.12.27"]
[EventType "swiss"]
[EventRounds "9"]
[EventCountry "POL"]
[SourceTitle "CBM 182 Extra"]
[Source "ChessBase"]
[SourceDate "2018.02.23"]
[SourceVersion "1"]
[SourceVersionDate "2018.02.23"]
[SourceQuality "1"]

1. e4 c5 2. Nf3 d6 3. d4 cxd4 4. Nxd4 Nf6 5. Nc3 g6 6. Be3 Bg7 7. f3 0-0 8. Qd2 Nc6 9. Bc4 Bd7 10. 0-0-0 Rc8 11. Bb3 Nxd4 12. Bxd4 b5 13. Nd5 Nxd5 14. Bxg7 Kxg7 15. exd5 a5 16. a3 Rc5 17. h4 h6 18. g4 b4 19. axb4 axb4 20. h5 g5 21. Qd4+ Kg8 22. f4 e6 23. dxe6 Bxe6 24. Bxe6 fxe6 25. Rhe1 Qc7 26. Rxe6 Rxc2+ 27. Kb1 Rc8 28. Rxd6 Rc1+ 29. Rxc1 Qxc1+ 30. Ka2 b3+ 31. Ka3 Ra8+ 32. Kxb3 Rb8+ 33. Rb6 Rxb6+ 34. Qxb6 Qd1+ 35. Kc4 Qe2+ 36. Kb3 Qd1+ 37. Kc4 Qe2+ 38. Kd5 Qf3+ 39. Kd6 Qxf4+ 40. Ke7 Qf7+ 41. Kd8 Qd5+ 42. Kc7 Qc4+ 43. Qc6 Qxg4 44. Qe8+ Kg7 45. Qe7+ Kg8 46. Qe8+ Kg7 47. Qg6+ Kh8 48. Qf6+ Kh7 49. Qf7+ Kh8 50. Qf8+ Kh7 51. Qf7+ Kh8 52. Qf6+ Kh7 53. Qg6+ Kh8 54. Qxh6+ Kg8 55. Qg6+ Kh8 56. Qf6+ Kg8 57. Qg6+ Kh8 58. Qe8+ Kg7 59. Qg6+ Kh8 1/2-1/2

[Event "Suwalki Warakomska Memorial 1st"]
[Site "Suwalki"]
[Date "2017.08.13"]
[Round "3"]
[White "Grib, Roman"]
[Black "Gleizerov, Evgeny"]
[Result "1-0"]
[WhiteElo "2427"]
[BlackElo "2519"]
[PlyCount "127"]
[EventDate "2017.08.11"]
[EventType "swiss"]
[EventRounds "9"]
[EventCountry "POL"]
[SourceTitle "CBM 180 Extra"]
[Source "ChessBase"]
[SourceDate "2017.10.06"]
[SourceVersion "1"]
[SourceVersionDate "2017.10.06"]
[SourceQuality "1"]

1. e4 e6 2. d4 d5 3. Nc3 Nf6 4. Bg5 Be7 5. e5 Nfd7 6. Bxe7 Qxe7 7. f4 0-0 8. Nf3 c5 9. dxc5 Nc6 10. Bd3 f5 11. exf6 Qxf6 12. g3 Nxc5 13. 0-0 a6 14. Qd2 Bd7 15. Rae1 Rac8 16. a3 Be8 17. Rf2 h6 18. Bf1 Bg6 19. Nxd5 Qxb2 20. Qe3 Ne4 21. Nb6 Nxf2 22. Nxc8 Ne4 23. Nb6 e5 24. Nd5 exf4 25. Nxf4 Bh7 26. Bc4+ Kh8 27. Nh4 Ne5 28. Bd5 g5 29. Bxe4 gxf4 30. Qc5 Nd7 31. Qe7 Qd4+ 32. Kg2 Bxe4+ 33. Rxe4 Qg7 34. Qxg7+ Kxg7 35. Re7+ Rf7 36. Nf5+ Kf6 37. Rxf7+ Kxf7 38. gxf4 Ke6 39. Nxh6 Nb6 40. Kf3 Nc4 41. f5+ Ke7 42. Ng4 Nxa3 43. Ne3 a5 44. Ke4 Nb5 45. c4 Nd6+ 46. Kd5 a4 47. f6+ Kd7 48. c5 Nb5 49. Kc4 Nc7 50. Nf5 Ke6 51. Nd6 Kxf6 52. Nxb7 Ke5 53. Kb4 Kd5 54. h4 Kc6 55. Na5+ Kd5 56. c6 Ke5 57. Kxa4 Kf5 58. Kb4 Kg4 59. Kc5 Kxh4 60. Kd6 Nb5+ 61. Kd7 Kg5 62. Nc4 Kf6 63. Nd6 Nc3 64. Ne4+ 1-0

[Event "EU-ch 18th"]
[Site "Minsk"]
[Date "2017.06.01"]
[Round "3"]
[White "Rakhmanov, Alexander"]
[Black "Grib, Roman"]
[Result "1-0"]
[WhiteElo "2676"]
[BlackElo "2415"]
[PlyCount "85"]
[EventDate "2017.05.30"]
[EventType "swiss"]
[EventRounds "11"]
[EventCountry "BLR"]
[SourceTitle "CBM 179"]
[Source "ChessBase"]
[SourceDate "2017.07.12"]
[SourceVersion "1"]
[SourceVersionDate "2017.07.12"]
[SourceQuality "1"]

1. c4 Nf6 2. Nc3 e6 3. e4 d5 4. exd5 exd5 5. d4 Nc6 6. Be3 Be6 7. cxd5 Nxd5 8. Nf3 Bb4 9. Qc2 Qd6 10. a3 Bxc3+ 11. bxc3 Bg4 12. Qe4+ Qe6 13. Qxe6+ fxe6 14. c4 Bxf3 15. gxf3 Nxe3 16. fxe3 e5 17. dxe5 Nxe5 18. f4 Nd7 19. Rd1 Rd8 20. Bd3 Nc5 21. Bc2 Rxd1+ 22. Kxd1 0-0 23. Rg1 Rf6 24. Rg5 Nd7 25. Ra5 a6 26. Rh5 h6 27. Rd5 Rd6 28. Ke2 Nb6 29. Rxd6 cxd6 30. Be4 Kf8 31. Bxb7 a5 32. Kd3 g5 33. fxg5 hxg5 34. Bc6 Nc8 35. Kd4 Ke7 36. h3 Kd8 37. Ke4 Ne7 38. Bd5 Kc7 39. Be6 a4 40. Kf3 Ng6 41. Kg4 Ne5+ 42. Kxg5 Nf3+ 43. Kf6 1-0

[Event "BLR-chT"]
[Site "Minsk"]
[Date "2017.05.08"]
[Round "1.1"]
[White "Grib, Roman"]
[Black "Zhigalko, Andrey"]
[Result "1/2-1/2"]
[WhiteElo "2415"]
[BlackElo "2566"]
[PlyCount "70"]
[EventDate "2017.05.08"]
[EventType "team-swiss"]
[EventRounds "7"]
[EventCountry "BLR"]
[SourceTitle "CBM 178 Extra"]
[Source "ChessBase"]
[SourceDate "2017.06.22"]
[SourceVersion "1"]
[SourceVersionDate "2017.06.22"]
[SourceQuality "1"]
[WhiteTeam "Zalgiris"]
[BlackTeam "Minsk Grand"]
[WhiteTeamCountry "BLR"]
[BlackTeamCountry "BLR"]

1. e4 c5 2. Nf3 Nc6 3. Bb5 Nf6 4. e5 Nd5 5. Nc3 Nc7 6. Bxc6 dxc6 7. h3 h6 8. d3 Bf5 9. Be3 Ne6 10. a3 g5 11. g4 Bg6 12. h4 Bg7 13. hxg5 hxg5 14. Rxh8+ Bxh8 15. Nxg5 Nxg5 16. Bxg5 Qd4 17. Qe2 Qxe5 18. Qxe5 Bxe5 19. 0-0-0 Bd4 20. Re1 f6 21. Bh4 Kd7 22. Bg3 Bxc3 23. bxc3 Rh8 24. g5 b5 25. gxf6 exf6 26. Bf4 a6 27. Rg1 Bf7 28. Rg7 Ke6 29. Be3 Rh5 30. Kb2 Ke7 31. c4 Kf8 32. Rg4 Be6 33. Rg6 Kf7 34. Rh6 Rxh6 35. Bxh6 bxc4 1/2-1/2

[Event "Suwalki Warakomska Memorial 1st"]
[Site "Suwalki"]
[Date "2017.??.??"]
[Round "9"]
[White "Grib, Roman"]
[Black "Kanarek, Marcel"]
[Result "1/2-1/2"]
[WhiteElo "2427"]
[BlackElo "2530"]
[PlyCount "99"]
[EventDate "2017.08.11"]
[EventType "swiss"]
[EventRounds "9"]
[EventCountry "POL"]
[SourceTitle "CBM 180 Extra"]
[Source "ChessBase"]
[SourceDate "2017.10.06"]
[SourceVersion "1"]
[SourceVersionDate "2017.10.06"]
[SourceQuality "1"]

1. e4 c5 2. Nf3 e6 3. c4 Nc6 4. Nc3 e5 5. a3 d6 6. b4 cxb4 7. axb4 Nxb4 8. d4 a5 9. Ba3 Bd7 10. Be2 Nf6 11. 0-0 exd4 12. Nxd4 Be7 13. Qb3 0-0 14. Bxb4 axb4 15. Rxa8 Qxa8 16. Qxb4 Re8 17. Rb1 Bc6 18. Nd5 Qa2 19. Bd3 Bxd5 20. cxd5 Bf8 21. Nc2 Qa7 22. Ne3 g6 23. h3 h5 24. g4 hxg4 25. hxg4 Bh6 26. Qxd6 Qd4 27. Rb4 Qxd3 28. Qxf6 Bxe3 29. Rxb7 Rf8 30. fxe3 Qxe3+ 31. Kh2 Qxe4 32. Rd7 Qxg4 33. Rd8 Qe2+ 34. Kg3 Qe3+ 35. Kg2 Qe2+ 36. Kg3 Qe1+ 37. Kg2 Qe2+ 38. Kg3 Qe3+ 39. Kg2 Qe2+ 40. Kg3 Qe1+ 41. Kg2 Qd2+ 42. Kg3 Qd3+ 43. Kg2 Qc2+ 44. Kh3 Qb3+ 45. Kg2 Qc2+ 46. Kh3 Qd3+ 47. Kg2 Qe4+ 48. Kg3 Qd3+ 49. Kg2 Qc2+ 50. Kh3 1/2-1/2

[Event "Suwalki Warakomska Memorial 1st"]
[Site "Suwalki"]
[Date "2017.??.??"]
[Round "6"]
[White "Grib, Roman"]
[Black "Warakomski, Tomasz"]
[Result "1-0"]
[WhiteElo "2427"]
[BlackElo "2536"]
[PlyCount "137"]
[EventDate "2017.08.11"]
[EventType "swiss"]
[EventRounds "9"]
[EventCountry "POL"]
[SourceTitle "CBM 180 Extra"]
[Source "ChessBase"]
[SourceDate "2017.10.06"]
[SourceVersion "1"]
[SourceVersionDate "2017.10.06"]
[SourceQuality "1"]

1. e4 c6 2. Nf3 d5 3. Nc3 g6 4. h3 Bg7 5. d4 Nh6 6. Bf4 f6 7. Bd3 Nf7 8. Qe2 0-0 9. 0-0-0 e5 10. Bh2 exd4 11. Nxd4 Re8 12. f4 Qb6 13. Nb3 Nd7 14. Bg1 Qc7 15. Qf3 Bh6 16. Be3 f5 17. e5 Nf6 18. Kb1 Ne4 19. g4 a5 20. gxf5 Bxf5 21. Nxe4 dxe4 22. Bxe4 Bxe4 23. Qxe4 Rad8 24. h4 a4 25. Nc5 a3 26. b3 Qe7 27. h5 g5 28. Rxd8 Rxd8 29. Nd3 gxf4 30. Bxf4 Bxf4 31. Qxf4 h6 32. Qf5 Ng5 33. Nc5 Rd5 34. Qg6+ Qg7 35. Qxg7+ Kxg7 36. Nxb7 Ne4 37. Nd6 Nxd6 38. exd6 Rxd6 39. Kc1 Rd5 40. Rh4 Kf7 41. b4 Rf5 42. Kd2 c5 43. Kc3 cxb4+ 44. Kxb4 Ke7 45. c4 Kd6 46. Rd4+ Kc7 47. Rd5 Rf3 48. Ra5 Rh3 49. Rxa3 Rxh5 50. Ra6 Kb7 51. Rg6 Rh2 52. a4 Rb2+ 53. Kc5 Ra2 54. Rg7+ Ka6 55. Kd6 Rxa4 56. c5 Rd4+ 57. Kc7 Rf4 58. c6 Rf8 59. Rg1 Rf7+ 60. Kd6 Rf6+ 61. Kd7 Rf7+ 62. Ke6 Rf8 63. Ke7 Rh8 64. Rb1 h5 65. c7 Ka7 66. Kd7 Rh7+ 67. Kc6 Rh6+ 68. Kc5 Rh8 69. Rd1 1-0

[Event "Suwalki Warakomska Memorial 1st"]
[Site "Suwalki"]
[Date "2017.??.??"]
[Round "8"]
[White "Jarmula, Lukasz"]
[Black "Grib, Roman"]
[Result "1/2-1/2"]
[WhiteElo "2457"]
[BlackElo "2427"]
[PlyCount "74"]
[EventDate "2017.08.11"]
[EventType "swiss"]
[EventRounds "9"]
[EventCountry "POL"]
[SourceTitle "CBM 180 Extra"]
[Source "ChessBase"]
[SourceDate "2017.10.06"]
[SourceVersion "1"]
[SourceVersionDate "2017.10.06"]
[SourceQuality "1"]

1. e4 e6 2. d4 d5 3. Nd2 c5 4. Ngf3 cxd4 5. Nxd4 Nc6 6. Bb5 Bd7 7. Nxc6 bxc6 8. Bd3 Qc7 9. 0-0 Bd6 10. Nf3 Nf6 11. Qe2 dxe4 12. Bxe4 0-0 13. Rd1 h6 14. b3 e5 15. Bb2 Bg4 16. h3 Bh5 17. Bf5 Rae8 18. g4 Bg6 19. Nh4 Bxf5 20. Nxf5 Bc5 21. c4 Kh7 22. Kh1 g6 23. Ng3 Bd4 24. Bxd4 exd4 25. Qf3 Qd6 26. c5 Qe5 27. Qxc6 Re6 28. Qf3 Qxc5 29. Rac1 Qe5 30. Rc2 Kg7 31. Re2 Qc5 32. Red2 Rd8 33. Qf4 Red6 34. Rd3 Qc2 35. Rxd4 Qxd1+ 36. Rxd1 Rxd1+ 37. Kg2 R8d4 1/2-1/2